[Event "Hamilton Waikato op"]
[Site "Hamilton"]
[Date "2016.07.31"]
[Round "6"]
[White "Russell, MKA"]
[Black "Timergazi, Layla"]
[Result "0-1"]
[WhiteElo "2214"]
[BlackElo "1927"]
[PlyCount "76"]
[EventDate "2016.07.29"]
[EventType "swiss"]
[EventRounds "6"]
[EventCountry "NZL"]
[SourceTitle "EXT 2018"]
[Source "ChessBase"]
[SourceDate "2017.10.13"]
[SourceVersion "1"]
[SourceVersionDate "2017.10.13"]
[SourceQuality "1"]

1. d4 Nf6 2. c4 g6 3. Nc3 Bg7 4. e4 d6 5. Nf3 0-0 6. Be2 e5 7. 0-0 Nc6 8. d5 Ne7 9. Ne1 Nd7 10. Nd3 f5 11. Bd2 a5 12. f4 exf4 13. Bxf4 Bxc3 14. bxc3 fxe4 15. Nb2 Nc5 16. Na4 Nxa4 17. Qxa4 Nf5 18. Qc2 g5 19. Bc1 Qe7 20. Ba3 Bd7 21. Rae1 Ne3 22. Rxf8+ Rxf8 23. Qd2 Nf5 24. Bc1 e3 25. Qd3 Qe5 26. Rf1 Re8 27. Qc2 Nh4 28. Bd3 Rf8 29. Bxh7+ Kg7 30. Bd3 Rxf1+ 31. Bxf1 Bg4 32. Be2 Bf5 33. Qd1 Qxc3 34. g3 Ng6 35. Bf1 Ne5 36. Be2 g4 37. h3 Nf3+ 38. Kf1 Bc2 0-1

[Event "George Trundle IM"]
[Site "Auckland"]
[Date "2013.10.01"]
[Round "4"]
[White "Wohl, Aleksandar H"]
[Black "Russell, MKA"]
[Result "1-0"]
[WhiteElo "2364"]
[BlackElo "2252"]
[PlyCount "146"]
[EventDate "2013.09.28"]
[EventType "tourn"]
[EventRounds "9"]
[EventCountry "NZL"]
[EventCategory "2"]
[SourceTitle "EXT 2018"]
[Source "ChessBase"]
[SourceDate "2017.10.13"]
[SourceVersion "1"]
[SourceVersionDate "2017.10.13"]
[SourceQuality "1"]

1. c4 c6 2. e4 d5 3. cxd5 cxd5 4. exd5 Nf6 5. Nc3 g6 6. Nf3 Bg7 7. Bb5+ Nbd7 8. 0-0 0-0 9. d4 Nb6 10. Ne5 a6 11. Be2 Nbxd5 12. Bf3 Be6 13. Bg5 Re8 14. Re1 Qa5 15. Qd2 Nxc3 16. Bxb7 Rab8 17. Bf3 Rbc8 18. Nc6 Qb5 19. Bxf6 Bxf6 20. Qxc3 Kg7 21. a4 Qb6 22. Rac1 Rc7 23. b4 Rec8 24. a5 Qxd4 25. Nxd4 Rxc3 26. Rxc3 Rxc3 27. Nxe6+ fxe6 28. Bb7 Rb3 29. Bxa6 Rxb4 30. Be2 Ra4 31. a6 Bd4 32. Rd1 e5 33. Kf1 Kf6 34. g3 g5 35. Rc1 e4 36. Rc6+ Kf7 37. Bh5+ Kg7 38. Re6 Ra1+ 39. Kg2 Bf6 40. Be2 Ra4 41. Bb5 Ra5 42. Bc4 h5 43. Rxe4 h4 44. gxh4 gxh4 45. Kh3 Kg6 46. Re2 Kg5 47. Kg2 Ra4 48. Re4 Ra3 49. h3 Kf5 50. Re3 Ra5 51. Bd3+ Kg5 52. Re4 Kh5 53. Rb4 Ra3 54. Bb5 Ra5 55. f4 Kg6 56. Kf3 Kf5 57. Bd3+ Ke6 58. Ke4 Kd6 59. Rb6+ Kc7 60. Rb7+ Kc6 61. Bb5+ Kd6 62. Kf5 Bd4 63. Kg4 Bf6 64. Be2 Ra2 65. Bb5 Ra5 66. Kf5 Bd4 67. Kg6 Be3 68. f5 Bc5 69. Rd7+ Ke5 70. Bc4 Kf4 71. Rd5 Kg3 72. a7 Kxh3 73. Rxc5 Rxa7 1-0

[Event "Asia Clubs 1st"]
[Site "Al Ain"]
[Date "2008.12.31"]
[Round "7"]
[White "Shobaita, Ahmed"]
[Black "Russell, MKA"]
[Result "1/2-1/2"]
[WhiteElo "2017"]
[BlackElo "2230"]
[PlyCount "80"]
[EventDate "2008.12.25"]
[EventType "team"]
[EventRounds "7"]
[EventCountry "UAE"]
[SourceTitle "CBM 127 Extra"]
[Source "ChessBase"]
[SourceDate "2009.01.08"]
[SourceVersion "2"]
[SourceVersionDate "2009.01.28"]
[SourceQuality "1"]

1. d4 d5 2. Nf3 Nf6 3. Bf4 c5 4. e3 Nc6 5. c3 Qb6 6. Qb3 c4 7. Qc2 Bf5 8. Qc1 e6 9. h3 h6 10. Be2 Rc8 11. 0-0 Be7 12. Nbd2 Qd8 13. Ne5 0-0 14. Bf3 Nxe5 15. Bxe5 b5 16. Re1 Ne4 17. Bxe4 Bxe4 18. Nxe4 dxe4 19. a4 b4 20. a5 a6 21. Ra4 Qd7 22. Qd1 b3 23. Ra1 Qd5 24. f3 f6 25. Bg3 f5 26. fxe4 Qxe4 27. Qf3 Rfd8 28. Be5 Qxf3 29. gxf3 g6 30. e4 Kf7 31. Red1 Rd7 32. Kf2 Rb7 33. Ra4 Rb5 34. Ke2 g5 35. Rg1 h5 36. Rd1 Rb7 37. Rg1 Rc6 38. Rd1 Rc8 39. Rg1 Rc6 40. Rd1 Rc8 1/2-1/2

[Event "Asia Clubs 1st"]
[Site "Al Ain"]
[Date "2008.12.30"]
[Round "6"]
[White "Russell, MKA"]
[Black "Kim, Youngsoo"]
[Result "1-0"]
[WhiteElo "2230"]
[BlackElo "1756"]
[PlyCount "50"]
[EventDate "2008.12.25"]
[EventType "team"]
[EventRounds "7"]
[EventCountry "UAE"]
[SourceTitle "CBM 127 Extra"]
[Source "ChessBase"]
[SourceDate "2009.01.08"]
[SourceVersion "2"]
[SourceVersionDate "2009.01.28"]
[SourceQuality "1"]

1. d4 d5 2. c4 e6 3. Nc3 Be7 4. cxd5 exd5 5. Bf4 c6 6. e3 Nf6 7. Bd3 0-0 8. h3 Nbd7 9. Nf3 a6 10. 0-0 b5 11. Rc1 Bb7 12. Bh2 c5 13. dxc5 Nxc5 14. Bb1 Bd6 15. Bxd6 Qxd6 16. Qd4 Ne6 17. Qh4 Rfd8 18. Rfd1 Qb6 19. Nd4 Rac8 20. Nce2 h6 21. Nf5 Kf8 22. Rxc8 Bxc8 23. Nxh6 d4 24. Nf5 dxe3 25. Qb4+ Ke8 1-0

[Event "Asia Clubs 1st"]
[Site "Al Ain"]
[Date "2008.12.28"]
[Round "4"]
[White "Russell, MKA"]
[Black "Al Aqrabi, Saleh"]
[Result "1-0"]
[WhiteElo "2230"]
[BlackElo "2211"]
[PlyCount "79"]
[EventDate "2008.12.25"]
[EventType "team"]
[EventRounds "7"]
[EventCountry "UAE"]
[SourceTitle "CBM 127 Extra"]
[Source "ChessBase"]
[SourceDate "2009.01.08"]
[SourceVersion "2"]
[SourceVersionDate "2009.01.28"]
[SourceQuality "1"]

1. d4 d5 2. c4 c6 3. Nf3 Nf6 4. Nc3 a6 5. e3 b5 6. c5 Bg4 7. b4 Nbd7 8. a4 e5 9. Be2 e4 10. Nd2 Bxe2 11. Qxe2 Be7 12. 0-0 0-0 13. Nb3 Ne8 14. Qa2 Nc7 15. Na5 Nb8 16. f3 exf3 17. gxf3 Qd7 18. Bd2 Kh8 19. Be1 f5 20. Qd2 Bg5 21. f4 Be7 22. Ne2 Qe6 23. Nc1 Ne8 24. Nd3 Nf6 25. Ne5 Ne4 26. Qd1 Rg8 27. Kh1 Bf6 28. Qh5 g6 29. Qh6 g5 30. Qh5 Bxe5 31. fxe5 Ra7 32. Nb3 Rag7 33. axb5 axb5 34. Nd2 Nxd2 35. Bxd2 Nd7 36. Qf3 Rf8 37. Ra7 Qg6 38. Qg3 Qh6 39. Rg1 Rfg8 40. Qf3 1-0

[Event "Commonwealth-ch"]
[Site "Nagpur"]
[Date "2008.10.03"]
[Round "7"]
[White "Nitin, Senthilvel"]
[Black "Russell, MKA"]
[Result "1-0"]
[WhiteElo "2303"]
[BlackElo "2213"]
[PlyCount "55"]
[EventDate "2008.09.28"]
[EventType "swiss"]
[EventRounds "11"]
[EventCountry "IND"]
[SourceTitle "CBM 126 Extra"]
[Source "ChessBase"]
[SourceDate "2008.11.05"]
[SourceVersion "1"]
[SourceVersionDate "2008.11.05"]
[SourceQuality "1"]

1. e4 c6 2. d4 d5 3. Nc3 dxe4 4. Nxe4 Bf5 5. Ng3 Bg6 6. N1e2 e6 7. Nf4 Bd6 8. h4 Qc7 9. Nxg6 hxg6 10. Ne4 Be7 11. Qf3 Nf6 12. Ng5 Qa5+ 13. Bd2 Qd5 14. Qd3 c5 15. Qb5+ Nbd7 16. c4 Qf5 17. dxc5 Ne4 18. Nxe4 Qxe4+ 19. Be3 Bxc5 20. Rh3 a6 21. Qb3 Bxe3 22. Rxe3 Qc6 23. 0-0-0 Rxh4 24. g3 Rh2 25. Qc2 Nf6 26. Red3 Ne4 27. Rd4 f5 28. Qd3 1-0

[Event "Asia-chT 15th"]
[Site "Vishakapatnam"]
[Date "2008.01.05"]
[Round "3"]
[White "Russell, MKA"]
[Black "Darban Vaighani, Morteza"]
[Result "1/2-1/2"]
[WhiteElo "2187"]
[BlackElo "2400"]
[PlyCount "23"]
[EventDate "2008.01.03"]
[EventType "team-tourn"]
[EventRounds "7"]
[EventCountry "IND"]
[SourceTitle "EXT 2020"]
[Source "ChessBase"]
[SourceDate "2019.10.17"]
[SourceVersion "1"]
[SourceVersionDate "2019.10.17"]
[SourceQuality "1"]
[WhiteTeam "Sri Lanka"]
[BlackTeam "Iran"]
[WhiteTeamCountry "SRI"]
[BlackTeamCountry "IRI"]

1. d4 Nf6 2. Bg5 c5 3. Bxf6 gxf6 4. d5 Qb6 5. Qc1 f5 6. c4 Bh6 7. e3 f4 8. exf4 Bxf4 9. Qxf4 Qxb2 10. Ne2 Qxa1 11. Nec3 d6 12. Qd2 1/2-1/2

[Event "Asia-ch 6th"]
[Site "Cebu"]
[Date "2007.09.28"]
[Round "10"]
[White "Russell, MKA"]
[Black "Makinano, Anthony"]
[Result "0-1"]
[WhiteElo "2220"]
[BlackElo "2317"]
[PlyCount "128"]
[EventDate "2007.09.19"]
[EventType "swiss"]
[EventRounds "11"]
[EventCountry "PHI"]
[SourceTitle "CBM 120 Extra"]
[Source "ChessBase"]
[SourceDate "2007.11.01"]
[SourceVersion "1"]
[SourceVersionDate "2007.11.01"]
[SourceQuality "1"]

1. d4 f5 2. g3 Nf6 3. Bg2 e6 4. c4 d5 5. Nf3 c6 6. Qc2 Bd6 7. Bf4 0-0 8. Nbd2 Bxf4 9. gxf4 Ne4 10. e3 Bd7 11. Qb3 b5 12. c5 a5 13. Qc2 Be8 14. Ne5 Na6 15. a3 Rc8 16. Nxe4 fxe4 17. 0-0 Nb8 18. f3 exf3 19. Bh3 Qe7 20. Rxf3 Nd7 21. Nxd7 Bxd7 22. Raf1 Rf6 23. e4 Rcf8 24. Kh1 Rh6 25. e5 Be8 26. f5 Rxh3 27. Rxh3 exf5 28. Rxf5 Bg6 29. Rxf8+ Qxf8 30. Qd2 Qf4 31. Re3 Bh5 32. Qd3 Bg6 33. Qe2 Qxd4 34. e6 Be4+ 35. Kg1 Qxc5 36. Kf2 Qd4 37. Ke1 Qe5 38. Qg4 Kf8 39. Re2 Ke8 40. e7 Kxe7 41. Qc8 Qd6 42. Rf2 Bg6 43. Qf8+ Kd7 44. Qxg7+ Qe7+ 45. Qxe7+ Kxe7 46. b4 axb4 47. axb4 Ke6 48. Rf8 Be4 49. Ke2 Ke5 50. Rf1 d4 51. Rc1 Bd5 52. Re1 Be4 53. Rc1 Bd5 54. Re1 Kd6 55. Kd3 c5 56. Rc1 Bc4+ 57. Rxc4 bxc4+ 58. Kxc4 cxb4 59. Kxd4 Ke6 60. Kc4 Kf5 61. Kxb4 Kg4 62. Kc3 Kh3 63. Kd3 Kxh2 64. Ke4 Kg3 0-1

[Event "Asia-ch 6th"]
[Site "Cebu"]
[Date "2007.09.23"]
[Round "5"]
[White "Samhouri, Admah Fawzi"]
[Black "Russell, MKA"]
[Result "1/2-1/2"]
[WhiteElo "2362"]
[BlackElo "2220"]
[PlyCount "67"]
[EventDate "2007.09.19"]
[EventType "swiss"]
[EventRounds "11"]
[EventCountry "PHI"]
[SourceTitle "CBM 120 Extra"]
[Source "ChessBase"]
[SourceDate "2007.11.01"]
[SourceVersion "1"]
[SourceVersionDate "2007.11.01"]
[SourceQuality "1"]

1. e4 c6 2. d4 d5 3. Nc3 dxe4 4. Nxe4 Bf5 5. Ng3 Bg6 6. h4 h6 7. Nf3 Nf6 8. h5 Bh7 9. Bd3 Bxd3 10. Qxd3 e6 11. Bd2 c5 12. 0-0-0 Nc6 13. Bc3 Qd5 14. dxc5 Qxd3 15. Rxd3 Bxc5 16. Bxf6 gxf6 17. Rhd1 Rd8 18. Rxd8+ Nxd8 19. Ne4 Be7 20. Nd6+ Bxd6 21. Rxd6 Ke7 22. Rd3 Rg8 23. g3 Nc6 24. Rb3 b6 25. Rc3 Kd6 26. Kd2 f5 27. Rd3+ Ke7 28. Rc3 Kd6 29. a3 e5 30. Rd3+ Ke6 31. Rc3 Kd6 32. Rd3+ Ke6 33. Rc3 Kd6 34. Rd3+ 1/2-1/2

[Event "Asia-ch 6th"]
[Site "Cebu"]
[Date "2007.09.22"]
[Round "4"]
[White "Russell, MKA"]
[Black "Kim, Alexey"]
[Result "0-1"]
[WhiteElo "2220"]
[BlackElo "2445"]
[PlyCount "118"]
[EventDate "2007.09.19"]
[EventType "swiss"]
[EventRounds "11"]
[EventCountry "PHI"]
[SourceTitle "CBM 120 Extra"]
[Source "ChessBase"]
[SourceDate "2007.11.01"]
[SourceVersion "1"]
[SourceVersionDate "2007.11.01"]
[SourceQuality "1"]

1. d4 d5 2. c4 e6 3. Nc3 Nf6 4. cxd5 exd5 5. Bg5 Be7 6. e3 c6 7. Bd3 Nbd7 8. Qc2 Nh5 9. Bxe7 Qxe7 10. 0-0-0 Nhf6 11. Kb1 Nb6 12. Nge2 Be6 13. Ng3 0-0-0 14. Na4 Nxa4 15. Qxa4 Kb8 16. Rc1 Nd7 17. Qa5 Qf6 18. Rc3 Nb6 19. Ra3 Nc8 20. Rc1 Rd7 21. f4 Rc7 22. Qc5 Re8 23. Rb3 g6 24. Qb4 Bd7 25. e4 Qxf4 26. e5 Qh4 27. Ne2 Qf2 28. Nc3 c5 29. dxc5 Qxc5 30. Qf4 d4 31. e6 Bxe6 32. Ne2 Qd6 33. Rxc7 Qxc7 34. Qxc7+ Kxc7 35. Rb4 Bd5 36. Nf4 Re1+ 37. Kc2 Bxa2 38. b3 Bb1+ 39. Kd2 Rh1 40. Rc4+ Kb8 41. h3 Bxd3 42. Nxd3 Rg1 43. Ne1 Rf1 44. Rxd4 Rf2+ 45. Ke3 Rb2 46. Rd3 a5 47. g4 Ne7 48. Nf3 Nc6 49. Nd2 Kc7 50. g5 Rc2 51. Ne4 b5 52. Nc3 Kb6 53. Ke4 Rg2 54. Rd5 b4 55. Na4+ Kc7 56. Nc5 Ne7 57. Re5 Nf5 58. Nd3 Rxg5 59. Kf4 Rg3 0-1

[Event "Asia-ch 6th"]
[Site "Cebu"]
[Date "2007.09.21"]
[Round "3"]
[White "Bancod, Ronald"]
[Black "Russell, MKA"]
[Result "0-1"]
[WhiteElo "2373"]
[BlackElo "2220"]
[PlyCount "81"]
[EventDate "2007.09.19"]
[EventType "swiss"]
[EventRounds "11"]
[EventCountry "PHI"]
[SourceTitle "CBM 120 Extra"]
[Source "ChessBase"]
[SourceDate "2007.11.01"]
[SourceVersion "1"]
[SourceVersionDate "2007.11.01"]
[SourceQuality "1"]

1. d4 d5 2. Nf3 Nf6 3. Bf4 c5 4. c3 Qb6 5. Qb3 Nc6 6. e3 c4 7. Qc2 Bf5 8. Qc1 h6 9. Nbd2 Qd8 10. Be2 e6 11. 0-0 Be7 12. b3 b5 13. Ne5 Nxe5 14. dxe5 Ne4 15. Nf3 g5 16. Bg3 h5 17. h3 g4 18. Nd4 gxh3 19. Nxb5 h4 20. Bf4 Rg8 21. Bf3 Kd7 22. Qb2 Qb6 23. bxc4 Rxg2+ 24. Bxg2 Rg8 25. cxd5 Rxg2+ 26. Kh1 Ng3+ 27. Bxg3 Be4 28. dxe6+ fxe6 29. Rad1+ Ke8 30. Nd6+ Bxd6 31. Qxb6 Rxf2+ 32. Kg1 Rg2+ 33. Kh1 Rf2+ 34. Kg1 Rg2+ 35. Kh1 axb6 36. exd6 Rxa2+ 37. Kg1 Rg2+ 38. Kh1 Rd2+ 39. Kg1 Rg2+ 40. Kh1 Rc2+ 41. Kg1 0-1

[Event "Asia-ch 6th"]
[Site "Cebu"]
[Date "2007.09.20"]
[Round "2"]
[White "Russell, MKA"]
[Black "Khader, Sami"]
[Result "0-1"]
[WhiteElo "2220"]
[BlackElo "2422"]
[PlyCount "72"]
[EventDate "2007.09.19"]
[EventType "swiss"]
[EventRounds "11"]
[EventCountry "PHI"]
[SourceTitle "CBM 120 Extra"]
[Source "ChessBase"]
[SourceDate "2007.11.01"]
[SourceVersion "1"]
[SourceVersionDate "2007.11.01"]
[SourceQuality "1"]

1. d4 f5 2. c4 Nf6 3. Nf3 g6 4. g3 Bg7 5. Bg2 0-0 6. Nc3 d6 7. 0-0 Qe8 8. d5 Na6 9. Nd4 Bd7 10. Rb1 c5 11. Ndb5 Qf7 12. a3 h6 13. f4 Rfc8 14. Kh1 Nb8 15. e4 fxe4 16. Nxe4 Bf5 17. Nbc3 Nbd7 18. Qe2 Kh8 19. Bd2 a6 20. Rbd1 b5 21. cxb5 axb5 22. Nxb5 Nxe4 23. Bxe4 Bxe4+ 24. Qxe4 Nf6 25. Qf3 Qxd5 26. Bc1 Qxf3+ 27. Rxf3 Ne4 28. b3 Ra5 29. a4 c4 30. Nd4 Rd5 31. Be3 c3 32. Rff1 c2 33. Nxc2 Rxd1 34. Rxd1 Rxc2 35. a5 Ra2 36. Bb6 Rxa5 0-1

[Event "Dhaka zt 3.2"]
[Site "Dhaka"]
[Date "2007.08.30"]
[Round "10"]
[White "Russell, MKA"]
[Black "Mollah Abdullah, Al Rakib"]
[Result "0-1"]
[WhiteElo "2220"]
[BlackElo "2524"]
[PlyCount "122"]
[EventDate "2007.08.23"]
[EventType "tourn"]
[EventRounds "11"]
[EventCountry "BAN"]
[EventCategory "7"]
[SourceTitle "CBM 120 Extra"]
[Source "ChessBase"]
[SourceDate "2007.11.01"]
[SourceVersion "1"]
[SourceVersionDate "2007.11.01"]
[SourceQuality "1"]

1. d4 c5 2. dxc5 e6 3. Nd2 Bxc5 4. Ne4 Nf6 5. Nxc5 Qa5+ 6. c3 Qxc5 7. Nf3 Nc6 8. g3 d5 9. Bg2 0-0 10. 0-0 Bd7 11. Bf4 Rfc8 12. Ne5 Be8 13. Nd3 Qe7 14. Bg5 h6 15. Bxf6 Qxf6 16. e4 dxe4 17. Bxe4 Na5 18. Qf3 Qe7 19. Rfe1 Rab8 20. Ne5 b5 21. Rad1 b4 22. cxb4 Qxb4 23. b3 Nb7 24. Bc6 Rc7 25. Bxe8 Rxe8 26. Re4 Qc5 27. Nd3 Qe7 28. Ne5 Nc5 29. Red4 f6 30. Nc6 Qf7 31. b4 e5 32. Rd8 Ne6 33. Rxe8+ Qxe8 34. b5 Rd7 35. Rxd7 Qxd7 36. Qd5 Qxd5 37. Ne7+ Kf7 38. Nxd5 Nc5 39. Nb4 Ke6 40. Nc6 a6 41. bxa6 Nxa6 42. h4 Kd6 43. Na5 Kc5 44. Nb3+ Kb4 45. h5 Ka3 46. Nd2 Kxa2 47. f4 exf4 48. gxf4 Kb2 49. Kf2 Kc3 50. Ke3 Nc7 51. Nb1+ Kc4 52. Ke4 Nd5 53. Nd2+ Kc5 54. Kf5 Kd4 55. Kg6 Ke3 56. f5 Kxd2 57. Kxg7 Ke3 58. Kxh6 Nf4 59. Kg7 Nxh5+ 60. Kh7 Kf4 61. Kg6 Kg4 0-1

[Event "Dhaka zt 3.2"]
[Site "Dhaka"]
[Date "2007.08.28"]
[Round "8"]
[White "Russell, MKA"]
[Black "Gopal, Geetha Narayanan"]
[Result "1/2-1/2"]
[WhiteElo "2220"]
[BlackElo "2480"]
[PlyCount "61"]
[EventDate "2007.08.23"]
[EventType "tourn"]
[EventRounds "11"]
[EventCountry "BAN"]
[EventCategory "7"]
[SourceTitle "CBM 120 Extra"]
[Source "ChessBase"]
[SourceDate "2007.11.01"]
[SourceVersion "1"]
[SourceVersionDate "2007.11.01"]
[SourceQuality "1"]

1. d4 Nf6 2. Bg5 Ne4 3. Bf4 c5 4. f3 Qa5+ 5. c3 Nf6 6. Nd2 cxd4 7. Nb3 Qd8 8. cxd4 d5 9. e3 Nc6 10. Rc1 e6 11. Bb5 Bd7 12. g4 Bb4+ 13. Kf2 0-0 14. Ne2 Re8 15. Ng3 g5 16. Bxg5 Nxg4+ 17. fxg4 Qxg5 18. h4 Qe7 19. g5 e5 20. Bxc6 bxc6 21. Nh5 e4 22. Nf6+ Kh8 23. Nc5 Bf5 24. Rf1 Rg8 25. Qh5 Qd6 26. Rg1 Rg7 27. a3 Bxc5 28. Rxc5 a5 29. Ng4 Rb8 30. Rgc1 Bxg4 31. Qxg4 1/2-1/2

[Event "Asia rap (Men) 15th"]
[Site "Doha"]
[Date "2006.12.04"]
[Round "7"]
[White "Batchuluun, Tsegmed"]
[Black "Russell, MKA"]
[Result "1-0"]
[WhiteElo "2404"]
[BlackElo "2234"]
[PlyCount "137"]
[EventDate "2006.12.02"]
[EventType "swiss (rapid)"]
[EventRounds "9"]
[EventCountry "QAT"]
[SourceTitle "CBM 115 Extra"]
[Source "ChessBase"]
[SourceDate "2007.01.10"]
[SourceVersion "1"]
[SourceVersionDate "2007.01.10"]
[SourceQuality "1"]

1. d4 d5 2. c4 c6 3. Nf3 Nf6 4. Nc3 e6 5. e3 Nbd7 6. Bd3 dxc4 7. Bxc4 b5 8. Bd3 Bb7 9. e4 b4 10. Na4 c5 11. e5 Nd5 12. 0-0 cxd4 13. Re1 Be7 14. Nxd4 0-0 15. Qg4 Re8 16. Nf3 Qa5 17. b3 Nc3 18. Bh6 g6 19. Ng5 Nxe5 20. Qf4 f6 21. Nxc3 Nxd3 22. Qc4 Bd5 23. Qxd3 fxg5 24. Qd4 Bf8 25. Bxf8 Rxf8 26. Nxd5 Qxd5 27. Qxb4 Rf4 28. Qe7 Rf7 29. Qxe6 Qxe6 30. Rxe6 Rc8 31. Re2 Rc5 32. Rd1 Rfc7 33. f3 a5 34. Rd4 Kg7 35. Kf2 h5 36. Rd6 R5c6 37. Rd5 Rc5 38. Rd6 R5c6 39. Rd8 Rc2 40. Red2 Kf6 41. Ke2 Re7+ 42. Kd1 Rc5 43. R8d5 Rec7 44. Rxc5 Rxc5 45. Ke2 Ke5 46. Kd3 Rd5+ 47. Kc3 Rc5+ 48. Kb2 h4 49. h3 Kf4 50. Rd4+ Ke3 51. Rg4 Kd3 52. Ka3 Rf5 53. Ka4 Ke3 54. a3 Kf2 55. b4 axb4 56. axb4 Kg1 57. b5 Rf4+ 58. Kb3 Rxg4 59. fxg4 Kxg2 60. b6 Kxh3 61. b7 Kxg4 62. b8Q Kh3 63. Kc2 g4 64. Kd2 Kg2 65. Qb7+ Kh2 66. Qe4 Kh3 67. Ke2 g3 68. Kf3 g5 69. Qe6+ 1-0

[Event "Asia rap (Men) 15th"]
[Site "Doha"]
[Date "2006.12.04"]
[Round "9"]
[White "Dableo, Ronald"]
[Black "Russell, MKA"]
[Result "1-0"]
[WhiteElo "2425"]
[BlackElo "2234"]
[PlyCount "149"]
[EventDate "2006.12.02"]
[EventType "swiss (rapid)"]
[EventRounds "9"]
[EventCountry "QAT"]
[SourceTitle "CBM 115 Extra"]
[Source "ChessBase"]
[SourceDate "2007.01.10"]
[SourceVersion "1"]
[SourceVersionDate "2007.01.10"]
[SourceQuality "1"]

1. Nf3 Nf6 2. c4 c6 3. d4 d5 4. e3 e6 5. b3 Be7 6. Bd3 b6 7. Bb2 Bb7 8. 0-0 0-0 9. Nc3 Na6 10. Rc1 c5 11. a3 cxd4 12. exd4 dxc4 13. bxc4 Nc7 14. Rc2 Rc8 15. Qe2 Re8 16. Rd1 Bd6 17. Ne5 Qe7 18. Ne4 Nxe4 19. Bxe4 Bxe4 20. Qxe4 Bxe5 21. Qxe5 Nd5 22. Rdc1 Nf6 23. h3 Rc7 24. a4 Rec8 25. a5 Qb4 26. axb6 axb6 27. Qe2 h6 28. Qd3 b5 29. c5 Nd5 30. Ra1 Ne7 31. Bc3 Qc4 32. Qxc4 bxc4 33. Ra4 e5 34. Rxc4 exd4 35. Bxd4 Rc6 36. f3 Nf5 37. Bf2 Nd6 38. Rb4 Ne8 39. Rd2 Nc7 40. Rb6 Ne6 41. Be3 Kf8 42. Rxc6 Rxc6 43. Rc2 Ke7 44. Kf2 Kd7 45. f4 f5 46. g4 g6 47. Rd2+ Ke7 48. gxf5 gxf5 49. Rd5 Kf6 50. Ke2 Ra6 51. Re5 Ra4 52. Kf3 Rc4 53. Rd5 Rc3 54. Kf2 Rc4 55. Kg3 Rc3 56. Kf3 Rc4 57. Rd1 Nxc5 58. Bd4+ Kf7 59. Be5 Ne6 60. Rd7+ Kg6 61. Rd6 Kf7 62. Kg3 Ra4 63. Rd7+ Kg6 64. Re7 Ra6 65. Kh4 h5 66. Rb7 Rc6 67. Rb1 Rc4 68. Rb6 Kf7 69. Kxh5 Nxf4+ 70. Kg5 Nxh3+ 71. Kxf5 Nf2 72. Rb7+ Ke8 73. Ke6 Rc6+ 74. Bd6 Rc8 75. Rf7 1-0

[Event "Asia rap (Men) 15th"]
[Site "Doha"]
[Date "2006.12.02"]
[Round "1"]
[White "Dao, Thien Hai"]
[Black "Russell, MKA"]
[Result "1-0"]
[WhiteElo "2557"]
[BlackElo "2234"]
[PlyCount "60"]
[EventDate "2006.12.02"]
[EventType "swiss (rapid)"]
[EventRounds "9"]
[EventCountry "QAT"]
[SourceTitle "CBM 115 Extra"]
[Source "ChessBase"]
[SourceDate "2007.01.10"]
[SourceVersion "1"]
[SourceVersionDate "2007.01.10"]
[SourceQuality "1"]

1. d4 d5 2. c4 c6 3. Nc3 Nf6 4. e3 g6 5. Nf3 Bg7 6. b4 0-0 7. Qb3 a5 8. b5 c5 9. cxd5 cxd4 10. Nxd4 Nbd7 11. Ba3 Nb6 12. Rd1 a4 13. Qb2 Nfxd5 14. Be2 Nxc3 15. Qxc3 Qd5 16. 0-0 Qxa2 17. Rd2 Qb3 18. Qa1 Qd5 19. Rc1 Qg5 20. Qb1 Re8 21. Bf3 e5 22. Ne2 Be6 23. Bc5 Nc4 24. Rdc2 Na5 25. Nc3 Nb3 26. Ne4 Qh4 27. g3 Qd8 28. Rd1 Qa5 29. Ba3 Red8 30. Nd6 Bf8 1-0